000
00342nam a2200145Ia 4500
008
230718s9999 xx 000 0 und d
041
_a
Eng.
082
_a
34602
_b
BRE-M
100
_a
Brewer, Jhon
245
0
_a
Modern conception of property
260
_a
Pakistan
_b
Oxford uru Press
_c
1998
300
_a
599
650
_a
Law
999
_c
28167
_d
28167